[Event "Skudai Kejohanan op"]
[Site "Skudai"]
[Date "2016.02.03"]
[Round "8"]
[White "Lim, Kiat Liong"]
[Black "Lee, Kang Jing"]
[Result "1-0"]
[WhiteElo "1573"]
[BlackElo "1703"]
[PlyCount "37"]
[EventDate "2016.01.31"]
[EventType "swiss"]
[EventRounds "9"]
[EventCountry "MAS"]
[SourceTitle "CBM 170 Extra"]
[Source "ChessBase"]
[SourceDate "2016.02.25"]
[SourceVersion "1"]
[SourceVersionDate "2016.02.25"]
[SourceQuality "1"]

1. e4 c5 2. Nf3 a6 3. d4 cxd4 4. Nxd4 d6 5. Nc3 Nf6 6. Bg5 e6 7. f4 Be7 8. Qf3 Qc7 9. 0-0-0 Nbd7 10. g4 b5 11. Bxf6 Bxf6 12. Bxb5 axb5 13. Ndxb5 Qb8 14. Nxd6+ Kf8 15. e5 Ra6 16. Nxc8 Qxc8 17. exf6 gxf6 18. Qd3 Ke7 19. Rhe1 1-0

[Event "Dewan Astana Karnival op"]
[Site "Dewan Astana"]
[Date "2015.08.01"]
[Round "7"]
[White "Lim, Kiat Liong"]
[Black "Abdul Rahman, M Sapuan"]
[Result "1-0"]
[WhiteElo "1514"]
[BlackElo "1607"]
[PlyCount "90"]
[EventDate "2015.07.29"]
[EventType "swiss"]
[EventRounds "7"]
[EventCountry "MAS"]
[SourceTitle "EXT 2017"]
[Source "ChessBase"]
[SourceDate "2016.10.25"]
[SourceVersion "1"]
[SourceVersionDate "2016.10.25"]
[SourceQuality "1"]

1. e4 c6 2. d4 d5 3. exd5 cxd5 4. Nf3 Nc6 5. c4 e6 6. cxd5 Qxd5 7. Nc3 Qd8 8. Bb5 Nge7 9. 0-0 a6 10. Bd3 Ng6 11. Bg5 Be7 12. Bxe7 Ncxe7 13. Qb3 0-0 14. Rad1 Nf4 15. Bb1 Nfd5 16. Rfe1 Nxc3 17. bxc3 b5 18. a4 bxa4 19. Qxa4 Bb7 20. Ne5 Nd5 21. Rd3 Rc8 22. Qb3 Ba8 23. Rg3 g6 24. Qc2 Ne7 25. Qd2 Kg7 26. Ng4 Ng8 27. Ne5 Rb8 28. Qd3 Ne7 29. Qxa6 Rb6 30. Qd3 Nf5 31. Rh3 Qg5 32. Nf3 Bxf3 33. Qxf3 Qd2 34. Rd1 Qb2 35. Bxf5 exf5 36. Qe3 h5 37. Qd3 Re8 38. Re3 Ra8 39. Re2 Qb3 40. g3 Ra3 41. Rc2 Qd5 42. Qe2 Re6 43. Qd2 Rc6 44. Rdc1 Rc4 45. Qe3 Rxd4 1-0

[Event "Dewan Astana Karnival op"]
[Site "Dewan Astana"]
[Date "2015.08.01"]
[Round "6"]
[White "Mohd, Hazzafri Mohd Hazan"]
[Black "Lim, Kiat Liong"]
[Result "1-0"]
[WhiteElo "1758"]
[BlackElo "1514"]
[PlyCount "65"]
[EventDate "2015.07.29"]
[EventType "swiss"]
[EventRounds "7"]
[EventCountry "MAS"]
[SourceTitle "EXT 2017"]
[Source "ChessBase"]
[SourceDate "2016.10.25"]
[SourceVersion "1"]
[SourceVersionDate "2016.10.25"]
[SourceQuality "1"]

1. d4 Nf6 2. Nf3 c5 3. c4 g6 4. Nc3 cxd4 5. Nxd4 Nc6 6. e4 Bg7 7. Be2 d6 8. 0-0 Bd7 9. Be3 Rc8 10. Rb1 0-0 11. Qd2 h5 12. h3 Ne5 13. f3 a6 14. b3 Nc6 15. Kh1 Re8 16. Nd5 e6 17. Nxc6 Rxc6 18. Nb4 Rb6 19. Bxb6 Qxb6 20. Nc2 h4 21. Qg5 Nh5 22. Qxh4 Bf6 23. Qf2 Qc7 24. f4 Ng7 25. Ne3 Bc8 26. Bg4 Be7 27. Rbd1 Qc6 28. f5 exf5 29. exf5 Bg5 30. fxg6 f5 31. Nxf5 Bxf5 32. Bxf5 Re3 33. Be6+ 1-0